01970cam a22004814i 4500003000900000005001700009008004100026020001500067020001800082035002700100035002000127040012100147041001800268050002500286082002000311100003600331245009700367250002000464264005900484300004400543336002100587337002500608338002300633490004900656504004000705504003400745505034700779526000901126526000901135526000801144526000801152526000801160526000801168650004601176650002001222650004601242650002001288650004801308650002101356650004701377650002001424700004401444PE-LiUPU20250731175625.0021121s2003 gaub rb 001 0 eng  a1589830369 a9781589830363 a(Sirsi) i9781589830363 a(OCoLC)51088025 aDLCbengcDLCdBAKERdNLGGCdCVNdYDXCPdOCLCQdBTCTAdLVBdUBYdTUUdIG#dOCLCQdOCLCOdOCLCFdOCLCOdPE-LiUPUerda1 aengharchheb00aPJ5208.A2bL55 2003b04a492.29bL652211 aLindenberger, James M.,eautor.10aAncient Aramaic and Hebrew letters /cby James M. Lindenberger ; edited by Kent H. Richards. aSecond edition. 1aAtlanta, Ga. :bSociety of Biblical Literature,c2003. axix, 188 páginas ;c23 centímetros. atext2rdacontent aunmediated2rdamedia avolume2rdacarrier1 aWritings from the ancient world ;vNumber 14 aBibliografía : páginas 157-170. aÍndice : páginas 175-188.0 aTranslations -- Aramaic diplomatic-military correspondence -- Business and family letters -- Ostraca from Elephantine -- Archives of the Jewish community at Elephantine -- Letters from Persian officials -- Two Hebrew petitions and a royal order -- Judean military-administrative letters from Arad and Lachish -- Fragmentary and miscellaneous. aP145 aP127 aP97 aP35 aP14 aP07 0aLetras arameasvTraducciones al inglés. 4aLetras arameas. 0aLetras hebreasvTraducciones al inglés. 0aLetras hebreas. 0aAramaic lettersvTranslations into English. 4aAramaic letters. 0aHebrew lettersvTranslations into English. 4aHebrew letters.1 aRichards, Kent Harold,d1939-,eeditor.